Continental drift /

Bibliographic Details
Other Authors: Shea, James H.
Format: Book
Language:English
Published: New York : Van Nostrand Reinhold Co., [1985]
Series:Benchmark papers in geology ; v. 88
Subjects:

MARC

Tag First Indicator Second Indicator Subfields
LEADER 00000cam a22000008a 4500
001 in00000392821
005 20151011111339.0
008 850204s1985 nyu b 00100 eng
010 |a  85003242  
020 |a 0442282400 
035 |a (OCoLC)11754543 
035 |9 ABR7233AM 
039 0 |a 2  |b 3  |c 3  |d 3  |e 3 
040 |a DLC  |c DLC  |d TXA  |d UtOrBLW 
049 |a TXAM  |c [A08459844] 
050 0 0 |a QE511.5  |b .C64 1985 
082 0 |a 551.1/36  |2 19 
245 0 0 |a Continental drift /  |c edited by James H. Shea. 
264 1 |a New York :  |b Van Nostrand Reinhold Co.,  |c [1985] 
264 4 |c ©1985 
300 |a xii, 345 pages :  |b illustrations 
336 |a text  |b txt  |2 rdacontent 
337 |a unmediated  |b n  |2 rdamedia 
338 |a volume  |b nc  |2 rdacarrier 
490 0 |a Benchmark papers in geology ;  |v v. 88 
500 |a "A Hutchinson Ross publication." 
504 |a Includes bibliographical references and indexes. 
650 0 |a Continental drift. 
700 1 |a Shea, James H. 
999 |a MARS 
999 f f |s 50dc6bc5-2914-3df7-8a07-22816cd14a0e  |i 93a0ae17-9d51-373a-a65c-232384a5f7ca  |t 0 
952 f f |p ric  |a Texas A&M University  |b Rellis Campus  |c Joint Library Facility  |s JLF  |d Remote Storage  |t 0  |e QE511.5 .C64 1985  |h Library of Congress classification  |i unmediated -- volume  |m A14808459844 
998 f f |a QE511.5 .C64 1985  |t 0  |l Remote Storage